000 00609nam a2200253Ia 4500
005 20260306154452.0
008 008 260114s9999 xx 000 0 eng d
020 _a9781009004619
037 _aEBOOK
040 _aCRL
040 _beng
040 _cCRL
041 _2eng
041 _aeng
084 _qCRL
100 _aChristodoulidis
_9881161
245 4 _aThe Differentiation and Autonomy of Law
260 _bCambridge University Press
260 _c2023
650 _a Philosophy
856 _uhttps://doi.org/10.1017/9781009004619
942 _cEBOOK
999 _c1707638
_d1707638